Uj intézet

Správa o tom, že v Humennom sa organizuje v máji 1914 pod vedeném panského správcu Ondreja Harmattu založenie finančného ústavu (banky)

Podrobná bibliografia
Médium: Článok
Jazyk:Hungarian
Témy:
Zdroj: 1. Felvidéki Hirlap 1. Roč. 7, č. 18 (10.05.1914) s. 2
LEADER 01222nab#a2200361#ar4500
001 000074492
003 SVKKK
005 20100929134013.0
008 080218d1914 xo |||||||||||||||b|hun
FMT
038 |a SVKKK 
040 |a SVKKK  |b slo  |e AACR2 
041 0 |a hun 
044 |a xo  |c SK 
080 |a 336  |2 1981 
080 |a 929 Harmatta, Ondrej  |2 1981 
242 1 0 |a Nový ústav  |y slo 
245 1 0 |a Uj intézet 
500 |a Popis z mikrofilmu 
500 |a Dohľadanie 
520 2 |a Správa o tom, že v Humennom sa organizuje v máji 1914 pod vedeném panského správcu Ondreja Harmattu založenie finančného ústavu (banky) 
600 1 4 |a Harmatta, Ondrej  |d 18??-19??  |x správca panský, úradník  |z Dobšiná (Slovensko)  |x rodák  |z Humenné, Parchovany (Slovensko), Tiszadob (Maďarsko)  |x pôsobenie 
650 0 4 |a ústav finančný (banka)  |x správca panský (organizátor)  |x návrh na zriadenie  |z Humenné (Slovensko)  |y 1914 
655 4 |a hungariká 
773 0 |t Felvidéki Hirlap  |g Roč. 7, č. 18 (10.05.1914) s. 2 
957 |a Humenné 
958 |a DG 
958 |a HU 
974 |a Ba 
992 |a RBX 
997 |a Harmatta, Andor p. Harmatta, Ondrej  |d Homonna p. Humenné 
BAS
998 |a RETRO